000 02053nam a2200229 a 4500
001 ASIN0745640338
005 20170105102924.0
008 131210s2008 xxu eng d
020 _a0745640338 (paperback)
_c$26.95
020 _a9780745640334 (paperback)
040 _a0
100 1 _aCochrane, Feargal.
245 1 0 _aEnding wars /
_cFeargal Cochrane.
250 _a1st ed.
260 _a[S.l.] :
_bPolity,
_c2008.
300 _a176 p. ;
_c21 cm.
490 1 _aWar and conflict in the modern world.
520 _aMany books have been written about war, but few have focused on how wars can be brought to an end. Wars are rarely inevitable however and this book is aimed at understanding how violent conflicts can be brought to a close through intervention, mediation and political negotiation. The simple premise underlying the book is that wars between states and wars within states are generally fought by rational people for particular political goals or perceived interests. War is better understood as a methodology rather than an ideology. When the context, issues and actors in these armed conflicts change then it is often possible to control, or even transform such violence. By bringing together a number of existing debates from peace and conflict research as well as scholars of international relations, the book examines the dynamic forces that lie behind the ending of wars and how these have changed over time. Examples are drawn from a wide range of armed conflicts to analyse the efforts that have been made to move from War-War to Jaw-Jaw, or more typically Jaw-War. Efforts at third-party intervention, mediation and political negotiation across a range of conflict zones from Europe to Sub-Saharan Africa are discussed in full. Neither idealistic nor fatalistic, this book is a must-read for all students of international politics and security studies.
830 0 _aWar and conflict in the modern world.
856 4 0 _3Amazon.com
_uhttp://www.amazon.com/exec/obidos/ASIN/0745640338/chopaconline-20
942 _2ddc
_cBK
999 _c15723
_d15723